[Event "Championnat de France Cadet"]
[Site "CALVI"]
[Date "2005.??.??"]
[Round "5.4"]
[White "Ruest, Olivier"]
[Black "Bouhana, Paul-Alexandre"]
[Result "0-1"]
[WhiteElo "2078"]
[BlackElo "1994"]
[PlyCount "57"]
[EventDate "2005.??.??"]
[SourceDate "2005.04.17"]

1. d4 d5 2. Nf3 Nf6 3. c4 e6 4. g3 c6 5. Bg2 Nbd7 6. O-O Bd6 7. Nc3 O-O 8. Nd2
Qc7 9. e4 dxe4 10. Ndxe4 Rd8 11. Qe2 Be7 12. Bf4 e5 13. dxe5 Nxe5 14. Nxf6+
Bxf6 15. Rfe1 Re8 16. Ne4 Bf5 17. Nxf6+ gxf6 18. Qh5 Bg6 19. Qh4 Qb6 20. b3 Qd4
21. Rad1 Nd3 22. Re3 Qb2 23. Rf1 Nxf4 24. Qxf4 Qxa2 25. Rfe1 Rxe3 26. Rxe3 Qb1+
27. Bf1 Kg7 28. Qd4 Qf5 29. h4 {gain noir au 78eme} 0-1

[Event "Championnat de France Cadet"]
[Site "CALVI"]
[Date "2005.??.??"]
[Round "5.5"]
[White "Delorme, Alban"]
[Black "Miqueu, Jean-Philippe"]
[Result "1-0"]
[WhiteElo "2263"]
[BlackElo "2012"]
[PlyCount "59"]
[EventDate "2005.??.??"]
[SourceDate "2005.04.17"]

1. e4 e5 2. d4 exd4 3. Qxd4 Nc6 4. Qe3 Nf6 5. Nc3 Bb4 6. Bd2 O-O 7. O-O-O Re8
8. f3 d6 9. g4 Be6 10. Qf2 Nd7 11. h4 Nde5 12. g5 Nc4 13. Bxc4 Bxc4 14. Qg3 Qe7
15. h5 Qe5 16. f4 Qa5 17. g6 h6 18. gxf7+ Bxf7 19. Nge2 Re7 20. f5 Qe5 21. Nf4
Nd4 22. Kb1 c6 23. Rhg1 Rd8 24. Qg4 Qf6 25. Be1 Bxc3 26. Bh4 Qe5 27. Bxe7 Rd7
28. f6 Bxa2+ 29. Kxa2 Rxe7 30. fxe7 1-0

[Event "Championnat de France Cadet"]
[Site "CALVI"]
[Date "2005.??.??"]
[Round "5.6"]
[White "Platel, Alexandre"]
[Black "Innocente, Nicolas"]
[Result "1/2-1/2"]
[WhiteElo "2149"]
[BlackElo "1991"]
[PlyCount "115"]
[EventDate "2005.??.??"]
[SourceDate "2005.04.17"]

1. e4 d5 2. exd5 Qxd5 3. Nc3 Qa5 4. d4 Nf6 5. Nf3 Nc6 6. Bd2 Bg4 7. Nb5 Qb6 8.
c4 Bxf3 9. Qxf3 Nxd4 10. Nxd4 Qxd4 11. Qxb7 Qe4+ 12. Qxe4 Nxe4 13. Be3 e5 14.
Bd3 Nc5 15. Bc2 O-O-O 16. O-O Kb8 17. Rfd1 Be7 18. a3 g6 19. b4 Ne6 20. Be4
Rxd1+ 21. Rxd1 Rd8 22. Rxd8+ Nxd8 23. g4 a5 24. Bd2 axb4 25. axb4 c6 26. Bc3
Bd6 27. Kf1 Kc8 28. Ke2 Kd7 29. Kd2 Ne6 30. Kc2 Nd4+ 31. Kb2 f5 32. gxf5 gxf5
33. Bg2 Ne2 34. Bd2 e4 35. h4 Be5+ 36. Kb3 h5 37. Ka4 Nf4 38. Bf1 Nd3 39. Be3
Bf6 40. Bb6 Bxh4 41. f3 Bf2 42. c5 Ke6 43. fxe4 fxe4 44. Bd8 Kd5 45. Kb3 Be1
46. Bg5 Nxb4 47. Be2 h4 48. Bxh4 Bxh4 49. Kxb4 Be1+ 50. Kb3 Kxc5 51. Kc2 Kd4
52. Ba6 c5 53. Bf1 Bb4 54. Be2 c4 55. Bf1 c3 56. Ba6 Ke3 57. Bb5 Kf2 58. Kd1
1/2-1/2

[Event "Championnat de France Cadet"]
[Site "CALVI"]
[Date "2005.??.??"]
[Round "5.7"]
[White "Baeumlin, Francois"]
[Black "Adam, Etienne"]
[Result "0-1"]
[WhiteElo "1996"]
[BlackElo "2043"]
[PlyCount "77"]
[EventDate "2005.??.??"]
[SourceDate "2005.04.17"]

1. e4 c5 2. Nf3 d6 3. d4 cxd4 4. Nxd4 Nf6 5. Nc3 Nc6 6. Be2 e6 7. O-O Be7 8.
Be3 a6 9. f4 Qc7 10. Bf3 O-O 11. Nxc6 bxc6 12. Na4 Rb8 13. c4 c5 14. Qc2 Bd7
15. Nc3 Rb6 16. Kh1 Rfb8 17. Rab1 Bc6 18. g4 Qb7 19. g5 Nd7 20. b3 a5 21. h4 f5
22. gxf6 Bxf6 23. Rg1 Nf8 24. h5 Kh8 25. Rbd1 Bxc3 26. Qxc3 Bxe4 27. Bxe4 Qxe4+
28. Kh2 e5 29. fxe5 dxe5 30. Rg5 Ne6 31. Rxe5 Qh4+ 32. Kg2 Qg4+ 33. Kh2 Qxd1
34. h6 Qd7 35. Qxa5 Nd4 36. Rxc5 Rg6 37. hxg7+ Rxg7 38. Rh5 Nf3+ 39. Kh1 0-1

[Event "Championnat de France Cadet"]
[Site "CALVI"]
[Date "2005.??.??"]
[Round "5.8"]
[White "Miqueu, Eric"]
[Black "Bosch, Joachim"]
[Result "1-0"]
[WhiteElo "2037"]
[BlackElo "1981"]
[PlyCount "63"]
[EventDate "2005.??.??"]
[SourceDate "2005.04.17"]

1. e4 c5 2. Nf3 e6 3. c3 d5 4. e5 d4 5. Bd3 Nc6 6. O-O Nge7 7. Be4 Qc7 8. cxd4
cxd4 9. Re1 Ng6 10. Bxc6+ bxc6 11. d3 Bb7 12. Nbd2 Bb4 13. Qa4 Bxd2 14. Bxd2
O-O 15. Ba5 Qb8 16. Bb4 Rd8 17. Bd6 Rxd6 18. exd6 c5 19. Ne5 Nxe5 20. Rxe5 Qxd6
21. Rae1 Ba6 22. Qc2 Rc8 23. b3 Bb7 24. f3 Bd5 25. Qd2 f6 26. R5e2 e5 27. Qa5
a6 28. Rc1 f5 29. Rec2 c4 30. bxc4 Ba8 31. c5 Qf8 32. c6 1-0

[Event "Championnat de France Cadet"]
[Site "CALVI"]
[Date "2005.??.??"]
[Round "5.9"]
[White "Mania, Clement"]
[Black "Prodhomme, Boris"]
[Result "0-1"]
[WhiteElo "1940"]
[BlackElo "2014"]
[PlyCount "57"]
[EventDate "2005.??.??"]
[SourceDate "2005.04.17"]

1. d4 d5 2. Nc3 Nf6 3. e4 dxe4 4. f3 c6 5. Bg5 Qa5 6. Qd2 Nbd7 7. Bc4 e5 8.
fxe4 Bb4 9. Bxf6 Nxf6 10. Qe3 O-O 11. Nf3 exd4 12. Qxd4 Re8 13. e5 Ng4 14.
O-O-O Bc5 15. Qe4 g6 16. e6 f5 17. Qe2 Ne3 18. Bb3 Bxe6 19. Bxe6+ Rxe6 20. Ng5
Re7 21. Rd3 Ng4 22. Qf1 Nf2 23. Rf3 Nxh1 24. Qc4+ Kh8 25. Rh3 Rae8 26. Nf7+ Kg7
27. Rxh7+ Kxh7 28. Ng5+ Kg7 29. a3 0-1

[Event "Championnat de France Cadet"]
[Site "CALVI"]
[Date "2005.??.??"]
[Round "5.10"]
[White "Achereiner, Guillaume"]
[Black "Soyez, Cyril"]
[Result "0-1"]
[WhiteElo "2036"]
[BlackElo "2189"]
[PlyCount "66"]
[EventDate "2005.??.??"]
[SourceDate "2005.04.17"]

1. d4 g6 2. e4 Bg7 3. f4 c5 4. Nf3 cxd4 5. Nxd4 Nc6 6. c3 Qb6 7. e5 Nh6 8. Na3
Nxd4 9. Qxd4 Qxd4 10. cxd4 d6 11. Bd3 O-O 12. Nc2 Bf5 13. Bxf5 Nxf5 14. Bd2
dxe5 15. fxe5 Rfd8 16. Bc3 h5 17. Kf2 e6 18. Rad1 Rd7 19. Ne3 Nxe3 20. Kxe3
Rad8 21. Rhf1 Bf8 22. h4 b5 23. a3 b4 24. axb4 Rb8 25. Ra1 Bxb4 26. Ra2 Be7 27.
g3 Bd8 28. Kf4 Rb5 29. Ra4 Bb6 30. g4 hxg4 31. Kxg4 Rbd5 32. h5 gxh5+ 33. Kxh5
Bxd4 {suite illisible} 0-1

[Event "Championnat de France Cadette"]
[Site "CALVI"]
[Date "2005.??.??"]
[Round "5.1"]
[White "Choisy, Mathilde"]
[Black "Bolon, Karelle"]
[Result "0-1"]
[WhiteElo "2079"]
[BlackElo "2042"]
[PlyCount "72"]
[EventDate "2005.??.??"]
[SourceDate "2005.04.17"]

1. e4 c5 2. Nf3 a6 3. c3 e6 4. d4 d5 5. e5 Bd7 6. Qb3 Nc6 7. Be2 Na5 8. Qd1 Qb6
9. O-O Nc6 10. a3 c4 11. Nbd2 Na5 12. Ne1 Ne7 13. g4 h5 14. h3 hxg4 15. hxg4
Ng6 16. Ng2 Be7 17. f4 O-O-O 18. Nf3 Rh7 19. f5 exf5 20. gxf5 Bxf5 21. Ng5 Bxg5
22. Bxg5 Rdh8 23. Rxf5 Rh1+ 24. Kf2 Rxd1 25. Rxd1 Nc6 26. Bg4 Kb8 27. Rd2 Ncxe5
28. Rxe5 Nxe5 29. Bf4 f6 30. Kg3 g5 31. Bxe5+ fxe5 32. dxe5 Qg1 33. Bf3 Qh2+
34. Kf2 g4 35. Bxg4 Qxe5 36. Bf3 Rf8 0-1

[Event "Championnat de France Cadette"]
[Site "CALVI"]
[Date "2005.??.??"]
[Round "5.2"]
[White "Maupin, Valerie"]
[Black "Marchadour, Emilie"]
[Result "1/2-1/2"]
[WhiteElo "2012"]
[BlackElo "2018"]
[PlyCount "95"]
[EventDate "2005.??.??"]
[SourceDate "2005.04.17"]

1. d4 Nf6 2. Nf3 e6 3. e3 Be7 4. Bd3 d5 5. Nbd2 c5 6. c3 Nc6 7. O-O O-O 8. dxc5
Bxc5 9. e4 dxe4 10. Nxe4 Be7 11. Qe2 Qc7 12. Nxf6+ Bxf6 13. Bg5 Qe7 14. Bxf6
Qxf6 15. Qe4 g6 16. Rfe1 Re8 17. Ne5 Nxe5 18. Qxe5 Qxe5 19. Rxe5 Rd8 20. Bc4 b6
21. b4 Bb7 22. Bb3 Rac8 23. c4 Rd4 24. f3 Kf8 25. Kf2 Ke7 26. Ke2 f6 27. Re3 e5
28. Rd1 Rcd8 29. Rxd4 Rxd4 30. Rc3 f5 31. Bc2 Ke6 32. a3 g5 33. Bb3 Ke7 34. c5
bxc5 35. Rxc5 Kd6 36. Ra5 a6 37. Rc5 g4 38. Bc2 gxf3+ 39. gxf3 Rh4 40. Bxf5
Rxh2+ 41. Ke3 h5 42. f4 exf4+ 43. Kxf4 h4 44. Rc3 Bg2 45. Rc2 h3 46. Bxh3 Rxh3
47. Rxg2 Rxa3 48. Rb2 1/2-1/2

[Event "Championnat de France Cadette"]
[Site "CALVI"]
[Date "2005.??.??"]
[Round "5.3"]
[White "Plessis, Laura"]
[Black "Cochet, Caroline"]
[Result "0-1"]
[WhiteElo "1898"]
[BlackElo "2086"]
[PlyCount "84"]
[EventDate "2005.??.??"]
[SourceDate "2005.04.17"]

1. g3 d5 2. Bg2 Nf6 3. d3 e6 4. Nf3 Be7 5. O-O c5 6. c4 Nc6 7. cxd5 exd5 8. d4
O-O 9. Nc3 Bg4 10. dxc5 d4 11. Nb1 Bxc5 12. Nbd2 Re8 13. Nb3 Bb6 14. Bg5 h6 15.
Bxf6 Qxf6 16. Nc1 Ne5 17. Nxe5 Rxe5 18. h3 Bh5 19. g4 Bg6 20. Bxb7 Rae8 21. Bf3
Qh4 22. Kg2 h5 23. Nd3 Rg5 24. Rh1 Be4 25. Kg1 hxg4 26. hxg4 Rxg4+ 27. Kf1 Qg5
28. Bxe4 Rgxe4 29. Rc1 Qd5 30. f3 Re3 31. b3 Qf5 32. Rc2 R8e6 33. Qc1 Rxe2 34.
Rxe2 Qxf3+ 35. Nf2 Qxe2+ 36. Kg2 d3 37. Qf4 Bxf2 38. Qxf2 d2 39. Kg3 d1=Q 40.
Rxd1 Qxd1 41. Qxa7 Qd3+ 42. Kg4 Re4+ 0-1

[Event "Championnat de France Cadette"]
[Site "CALVI"]
[Date "2005.??.??"]
[Round "5.4"]
[White "Labatut, Tifany"]
[Black "Bermond, Stephanie"]
[Result "0-1"]
[WhiteElo "1580"]
[BlackElo "2006"]
[PlyCount "52"]
[EventDate "2005.??.??"]
[SourceDate "2005.04.17"]

1. e4 d5 2. exd5 Nf6 3. Bb5+ Bd7 4. Bc4 Bg4 5. f3 Bf5 6. g4 Bc8 7. Nc3 h6 8.
Nge2 Nbd7 9. d4 Nb6 10. Bb3 Nfxd5 11. Qd3 e6 12. Bf4 Nxf4 13. Nxf4 Qh4+ 14. Kf1
Bd6 15. Ng2 Qe7 16. Re1 Bd7 17. Ne4 O-O-O 18. c4 Bb4 19. Nc3 Bc6 20. f4 Qf6 21.
a3 Rxd4 22. Qg3 Bc5 23. Nb5 Bxg2+ 24. Kxg2 Rd2+ 25. Kh3 Bf2 26. g5 hxg5+ 0-1

[Event "Championnat de France Cadette"]
[Site "CALVI"]
[Date "2005.??.??"]
[Round "5.5"]
[White "Rasse, Charlotte"]
[Black "Cloarec, Audrey"]
[Result "1/2-1/2"]
[WhiteElo "1995"]
[BlackElo "1902"]
[PlyCount "62"]
[EventDate "2005.??.??"]
[SourceDate "2005.04.17"]

1. e4 d5 2. exd5 Nf6 3. d4 Nxd5 4. Nf3 Bg4 5. Be2 e6 6. c4 Nf6 7. Be3 Bb4+ 8.
Nbd2 O-O 9. a3 Bxd2+ 10. Qxd2 Nc6 11. Rd1 Re8 12. Qc2 Bf5 13. Bd3 Bxd3 14. Rxd3
Qe7 15. O-O e5 16. dxe5 Nxe5 17. Nxe5 Qxe5 18. Bd4 Qf4 19. Bxf6 Qxf6 20. Rf3
Qe6 21. h3 Rad8 22. Qa4 Qe2 23. Qb3 Rd4 24. c5 Qc4 25. Qxc4 Rxc4 26. Rb3 b6 27.
cxb6 cxb6 28. Rd1 Kf8 29. Rd7 Re7 30. Rd8+ Re8 31. Rd7 Re7 1/2-1/2

[Event "Championnat de France Cadette"]
[Site "CALVI"]
[Date "2005.??.??"]
[Round "5.6"]
[White "Hamsany, Marie"]
[Black "Tissot, Alice"]
[Result "0-1"]
[WhiteElo "1940"]
[BlackElo "1859"]
[PlyCount "44"]
[EventDate "2005.??.??"]
[SourceDate "2005.04.17"]

1. e4 c5 2. Nc3 Nc6 3. Bb5 Nd4 4. Bc4 e5 5. d3 d6 6. Bd2 Be7 7. Nd5 Nf6 8. c3
Nc6 9. Ne3 O-O 10. Nf3 Be6 11. Bb3 d5 12. exd5 Nxd5 13. Nxd5 Bxd5 14. Bxd5 Qxd5
15. Qb3 Qxd3 16. Rd1 Qg6 17. O-O e4 18. Ne1 Rad8 19. Nc2 Ne5 20. Qxb7 Rd7 21.
Qb5 Rxd2 22. Rxd2 Nf3+ 0-1

[Event "Championnat de France Cadette"]
[Site "CALVI"]
[Date "2005.??.??"]
[Round "5.7"]
[White "Swiercz, Sonia"]
[Black "Aggoune, Liza"]
[Result "0-1"]
[WhiteElo "1590"]
[BlackElo "2060"]
[PlyCount "98"]
[EventDate "2005.??.??"]
[SourceDate "2005.04.17"]

1. e4 c5 2. Nf3 e6 3. d4 cxd4 4. Nxd4 d6 5. Nc3 Qc7 6. Be2 Nf6 7. a3 Be7 8. Be3
O-O 9. Bd3 Nc6 10. Nxc6 bxc6 11. O-O d5 12. exd5 cxd5 13. Qf3 Bb7 14. Qh3 Rfd8
15. Ne2 e5 16. Ng3 e4 17. Be2 Bc8 18. Nf5 Bd6 19. Bg4 Bxh2+ 20. Kh1 Nxg4 21.
Qxg4 Bxf5 22. Qxf5 Be5 23. Rab1 Qd6 24. f4 exf3 25. Rxf3 Qe6 26. Qh5 Re8 27.
Rh3 h6 28. Rf1 Qg6 29. Qf3 d4 30. Bf4 Bxf4 31. Qxf4 Rad8 32. Rg3 Qe6 33. Rd3
Qd5 34. Rg3 Qd6 35. Rd3 Qd5 36. Rg3 Rd6 37. Rd3 Rf6 38. Qc1 Re4 39. Rxf6 Rh4+
40. Kg1 gxf6 41. Rg3+ Kh7 42. Qf1 Qe5 43. Qd3+ Kh8 44. Kf2 f5 45. c3 Re4 46.
cxd4 Rxd4 47. Qa6 Rd2+ 48. Kg1 Qxg3 49. Qc8+ Kh7 0-1

[Event "Championnat de France Cadette"]
[Site "CALVI"]
[Date "2005.??.??"]
[Round "5.8"]
[White "Boulfaf, Amel"]
[Black "Magnin, Segolene"]
[Result "0-1"]
[WhiteElo "1540"]
[BlackElo "1900"]
[PlyCount "78"]
[EventDate "2005.??.??"]
[SourceDate "2005.04.17"]

1. e4 e6 2. d4 d5 3. e5 c5 4. c3 Nc6 5. Nf3 Bd7 6. Be2 Qb6 7. Nbd2 cxd4 8. cxd4
Nxd4 9. Nxd4 Qxd4 10. Nf3 Qxd1+ 11. Bxd1 Bb5 12. Bd2 Rc8 13. a4 Bd3 14. b4 a6
15. Ra3 Bc4 16. a5 Ne7 17. Nd4 Nc6 18. Nxc6 bxc6 19. Re3 Be7 20. Be2 Bxe2 21.
Rxe2 O-O 22. O-O Rb8 23. Rb1 c5 24. Re3 Bg5 25. Rd3 Bxd2 26. Rxd2 Rb5 27. Rdb2
Rfb8 28. Kf1 Kf8 29. Ke2 Ke7 30. Kd3 Kd7 31. Kc3 Kc6 32. f4 d4+ 33. Kc4 Rxb4+
34. Rxb4 Rxb4+ 35. Rxb4 cxb4 36. Kxb4 Kd5 37. Kb3 Ke4 38. Kc4 d3 39. Kc3 Ke3
0-1

[Event "Championnat de France Cadette"]
[Site "CALVI"]
[Date "2005.??.??"]
[Round "5.9"]
[White "Desanlis, Anne-Sophie"]
[Black "Bartolo, Amandine"]
[Result "1-0"]
[WhiteElo "1854"]
[BlackElo "1260"]
[PlyCount "56"]
[EventDate "2005.??.??"]
[SourceDate "2005.04.17"]

1. c4 e5 2. g3 Nc6 3. Bg2 f5 4. Nc3 Bb4 5. Nd5 Nf6 6. Nxb4 Nxb4 7. Nf3 d6 8.
O-O O-O 9. a3 Nc6 10. d4 e4 11. Ne1 Qe8 12. e3 Qg6 13. b4 Qh6 14. f3 g5 15. Qc2
Qg6 16. b5 Ne7 17. fxe4 fxe4 18. d5 Qh5 19. Bxe4 Bh3 20. Bg2 Bxg2 21. Qxg2 Ng6
22. Bb2 Ng4 23. Nc2 Rae8 24. Bd4 c5 25. bxc6 bxc6 26. dxc6 Nh8 27. h3 Qg6 28.
hxg4 Qxc2 1-0

[Event "Championnat de France Cadette"]
[Site "CALVI"]
[Date "2005.??.??"]
[Round "5.10"]
[White "Wandelle, Sandrine"]
[Black "Bacon, Julie"]
[Result "0-1"]
[WhiteElo "1370"]
[BlackElo "1680"]
[PlyCount "72"]
[EventDate "2005.??.??"]
[SourceDate "2005.04.17"]

1. e4 c5 2. Nc3 e6 3. d3 Nc6 4. g3 Nf6 5. Bg2 Be7 6. Be3 d5 7. exd5 exd5 8.
Nce2 Be6 9. f4 Qd7 10. Qd2 d4 11. Bf2 Ng4 12. Nh3 Ne3 13. Bxe3 dxe3 14. Qxe3
Bxh3 15. Bxh3 Qxh3 16. O-O-O O-O-O 17. d4 Qf5 18. Rd2 Qd5 19. Rhd1 Qxa2 20. c3
Qa1+ 21. Kc2 Qa4+ 22. Kc1 Qb5 23. d5 Na5 24. Qxe7 Nb3+ 25. Kc2 Nxd2 26. Rxd2
Rhe8 27. Qxf7 Rxe2 28. Qf5+ Kb8 29. Qg5 Rxd2+ 30. Kxd2 Qxb2+ 31. Kd3 Qb5+ 32.
c4 Qb3+ 33. Ke4 Qxc4+ 34. Kf3 Qxd5+ 35. Kg4 Qxg5+ 36. Kxg5 c4 0-1

[Event "Championnat de France Cadet"]
[Site "CALVI"]
[Date "????.??.??"]
[Round "6.3"]
[White "Netzer, Jean"]
[Black "Miqueu, Eric"]
[Result "1-0"]
[WhiteElo "2384"]
[BlackElo "2037"]
[PlyCount "79"]
[EventDate "2005.??.??"]
[SourceDate "2005.04.17"]

1. e4 e6 2. d4 d5 3. Nd2 Nf6 4. e5 Nfd7 5. Bd3 c5 6. c3 Nc6 7. Ngf3 Be7 8. O-O
a5 9. Re1 cxd4 10. cxd4 Qb6 11. Nb1 Nxd4 12. Nxd4 Qxd4 13. Nc3 Bc5 14. Be3 Qh4
15. Nb5 O-O 16. Bxc5 Nxc5 17. Bc2 f5 18. b3 b6 19. f3 Ba6 20. Qd4 Qxd4+ 21.
Nxd4 Rac8 22. Rad1 Kf7 23. Bb1 Nd7 24. Nxf5 Rc3 25. Nd4 Rfc8 26. f4 Nc5 27. f5
g6 28. fxg6+ hxg6 29. g3 Rc7 30. Rd2 Kg7 31. Kg2 Rf7 32. a3 Nxb3 33. Nxe6+ Kh6
34. Rf2 Rxf2+ 35. Kxf2 d4 36. Re4 g5 37. Nxd4 Nd2 38. Re1 Kg7 39. e6 Nxb1 40.
e7 1-0

[Event "Championnat de France Cadet"]
[Site "CALVI"]
[Date "????.??.??"]
[Round "6.5"]
[White "Prodhomme, Boris"]
[Black "Platel, Alexandre"]
[Result "1/2-1/2"]
[WhiteElo "2014"]
[BlackElo "2149"]
[PlyCount "28"]
[EventDate "2005.??.??"]
[SourceDate "2005.04.17"]

1. d4 d5 2. c4 Nc6 3. Nc3 Nf6 4. Nf3 e6 5. Bg5 Bb4 6. e3 h6 7. Bxf6 Qxf6 8.
cxd5 exd5 9. Qa4 O-O 10. Bb5 Bxc3+ 11. bxc3 Ne7 12. O-O c6 13. Be2 Nf5 14. Qb3
Nd6 1/2-1/2

[Event "Championnat de France Cadet"]
[Site "CALVI"]
[Date "????.??.??"]
[Round "6.6"]
[White "Soyez, Cyril"]
[Black "Bailet, Pierre"]
[Result "1/2-1/2"]
[WhiteElo "2189"]
[BlackElo "2090"]
[PlyCount "27"]
[EventDate "2005.??.??"]
[SourceDate "2005.04.17"]

1. d3 d5 2. g3 g6 3. Bg2 Bg7 4. Nd2 e5 5. e4 c6 6. Ne2 Ne7 7. O-O Be6 8. h3 Qd7
9. Kh2 h5 10. f4 h4 11. g4 f5 12. gxf5 gxf5 13. Nf3 dxe4 14. dxe4 1/2-1/2

[Event "Championnat de France Cadet"]
[Site "CALVI"]
[Date "????.??.??"]
[Round "6.7"]
[White "Entem, Alan"]
[Black "Garro, Pierre"]
[Result "0-1"]
[WhiteElo "2088"]
[BlackElo "2124"]
[PlyCount "90"]
[EventDate "2005.??.??"]
[SourceDate "2005.04.17"]

1. e4 c5 2. Nf3 Nc6 3. Nc3 e5 4. Bc4 Be7 5. d3 Nf6 6. Ng5 O-O 7. f4 exf4 8.
Bxf4 d6 9. O-O Na5 10. Qf3 Nxc4 11. dxc4 Ng4 12. h3 Bxg5 13. hxg4 Bf6 14. Rad1
Bd4+ 15. Be3 Bxe3+ 16. Qxe3 Bxg4 17. Rd2 Qe7 18. Qg3 Be6 19. Qxd6 Qxd6 20. Rxd6
Bxc4 21. Rfd1 Be6 22. Kf2 b6 23. Ke3 Rae8 24. Kd2 g6 25. a4 Rd8 26. Ke3 Rxd6
27. Rxd6 Rb8 28. Nb5 Kg7 29. b3 Rb7 30. Kf4 Kf6 31. Rd8 a6 32. Nc3 g5+ 33. Ke3
h5 34. Rh8 h4 35. Ra8 a5 36. Rh8 Kg7 37. Rd8 c4 38. Nd5 cxb3 39. cxb3 b5 40.
Ra8 bxa4 41. bxa4 Rb2 42. Rxa5 Rxg2 43. Kf3 h3 44. Nc7 g4+ 45. Kf4 Rf2+ 0-1

[Event "Championnat de France Cadet"]
[Site "CALVI"]
[Date "????.??.??"]
[Round "6.8"]
[White "Le Goff, Damien"]
[Black "Brailly-Vignal, Bastien"]
[Result "1-0"]
[WhiteElo "2122"]
[BlackElo "2080"]
[PlyCount "59"]
[EventDate "2005.??.??"]
[SourceDate "2005.04.17"]

1. e4 e5 2. Nf3 Nc6 3. Bb5 d6 4. d4 exd4 5. Nxd4 Bd7 6. Nb3 Ne5 7. Be2 Nf6 8.
Nc3 Be7 9. Bf4 O-O 10. Qd4 Nc6 11. Qd2 Re8 12. O-O-O Be6 13. Rhg1 a6 14. g4 b5
15. f3 Nd7 16. g5 Nde5 17. h4 Nc4 18. Qe1 Rb8 19. Qg3 N4a5 20. h5 Nxb3+ 21.
axb3 Bf8 22. Kb1 b4 23. Nd5 Bxd5 24. Rxd5 Qe7 25. g6 fxg6 26. Bc4 Kh8 27. hxg6
h6 28. Rf5 Ne5 29. Bxh6 Nxc4 30. Bg5 1-0

[Event "Championnat de France Cadet"]
[Site "CALVI"]
[Date "????.??.??"]
[Round "6.9"]
[White "Innocente, Nicolas"]
[Black "Pieroni, Guillaume"]
[Result "1/2-1/2"]
[WhiteElo "1991"]
[BlackElo "2109"]
[PlyCount "74"]
[EventDate "2005.??.??"]
[SourceDate "2005.04.17"]

1. d4 Nf6 2. c4 e5 3. dxe5 Ne4 4. Qc2 Bb4+ 5. Nd2 d5 6. a3 Bxd2+ 7. Bxd2 Bf5 8.
Qa4+ Nc6 9. Nf3 a6 10. Bc3 Nc5 11. Qd1 dxc4 12. e4 Be6 13. Nd2 Nd3+ 14. Bxd3
Qxd3 15. Qf3 O-O-O 16. Rd1 b5 17. Qxd3 Rxd3 18. Nf3 Rxd1+ 19. Kxd1 Bg4 20. h3
Rd8+ 21. Ke2 Nd4+ 22. Bxd4 Bxf3+ 23. Ke3 c5 24. Bxc5 Rd3+ 25. Kf4 Bxg2 26. Rg1
g5+ 27. Kxg5 Bxe4 28. Be3 Rb3 29. Bd4 Rxh3 30. Rg4 Bg6 31. Rf4 Rd3 32. Bc3 Rd7
33. Rf6 Kb7 34. f4 Be4 35. f5 Bd5 36. Kh6 Re7 37. Kxh7 a5 1/2-1/2

[Event "Championnat de France Cadet"]
[Site "CALVI"]
[Date "????.??.??"]
[Round "6.10"]
[White "Sat, Laurent"]
[Black "Franck, Boris"]
[Result "0-1"]
[WhiteElo "2068"]
[BlackElo "1998"]
[PlyCount "65"]
[EventDate "2005.??.??"]
[SourceDate "2005.04.17"]

1. e4 d5 2. exd5 Nf6 3. Bb5+ Bd7 4. Be2 Nxd5 5. d4 Bf5 6. a3 e6 7. c4 Nf6 8.
Nc3 Nc6 9. Be3 Be7 10. Bf3 O-O 11. g4 Bg6 12. h4 h6 13. g5 hxg5 14. hxg5 Nh7
15. Be4 Bxg5 16. Bxg6 fxg6 17. Qg4 Bxe3 18. Qxe6+ Kh8 19. fxe3 Qf6 20. Qh3 Qf2+
21. Kd1 Qf1+ 22. Kd2 Qxh3 23. Nxh3 Kg8 24. Nf4 g5 25. Ne6 Rf2+ 26. Ne2 Na5 27.
Kd3 Nxc4 28. b3 Nd6 29. Nxc7 Raf8 30. Nd5 Nf6 31. Ndc3 Re8 32. Raf1 Rxf1 33.
Rxf1 {gain noirs au 91eme} 0-1

[Event "Championnat de France Cadette"]
[Site "CALVI"]
[Date "????.??.??"]
[Round "6.1"]
[White "Bolon, Karelle"]
[Black "Cochet, Caroline"]
[Result "1-0"]
[WhiteElo "2042"]
[BlackElo "2086"]
[PlyCount "43"]
[EventDate "2005.??.??"]
[SourceDate "2005.04.17"]

1. e4 c5 2. Nc3 Nc6 3. Bb5 Nd4 4. Ba4 a6 5. d3 e6 6. Nge2 Ne7 7. Nxd4 cxd4 8.
Ne2 Nc6 9. O-O Bc5 10. Nf4 O-O 11. Qh5 d6 12. a3 b5 13. Bb3 b4 14. axb4 Bxb4
15. Nh3 Na5 16. Ba2 Qc7 17. f4 f6 18. f5 Qf7 19. Qg4 Kh8 20. Nf4 exf5 21. exf5
Qd7 22. Ng6+ 1-0

[Event "Championnat de France Cadette"]
[Site "CALVI"]
[Date "????.??.??"]
[Round "6.2"]
[White "Maupin, Valerie"]
[Black "Choisy, Mathilde"]
[Result "0-1"]
[WhiteElo "2012"]
[BlackElo "2079"]
[PlyCount "76"]
[EventDate "2005.??.??"]
[SourceDate "2005.04.17"]

1. g3 g6 2. Bg2 Bg7 3. c3 c5 4. d3 Nc6 5. Nf3 d6 6. Nbd2 e6 7. a3 Nge7 8. Rb1
O-O 9. O-O b5 10. Qc2 a5 11. d4 cxd4 12. Nxd4 Nxd4 13. cxd4 Rb8 14. e3 Qb6 15.
b4 Bb7 16. bxa5 Qxa5 17. Ne4 Rfc8 18. Qb3 Bxe4 19. Bxe4 d5 20. Bf3 Nf5 21. Rd1
Bf8 22. g4 Nxd4 23. Rxd4 Qe1+ 24. Kg2 Rxc1 25. Rxc1 Qxc1 26. a4 b4 27. Bd1 Rc8
28. Rd3 Qa1 29. Bc2 Qe5 30. Bd1 Bd6 31. f4 Qa1 32. Kf3 Rc1 33. Rd2 Bc5 34. Rd3
Rb1 35. Qc2 Rc1 36. Qb3 d4 37. exd4 Bxd4 38. Be2 Rc3 0-1

[Event "Championnat de France Cadette"]
[Site "CALVI"]
[Date "????.??.??"]
[Round "6.4"]
[White "Bermond, Stephanie"]
[Black "Rasse, Charlotte"]
[Result "1-0"]
[WhiteElo "2006"]
[BlackElo "1995"]
[PlyCount "99"]
[EventDate "2005.??.??"]
[SourceDate "2005.04.17"]

1. c4 e5 2. Nc3 Nf6 3. Nf3 Nc6 4. g3 d5 5. cxd5 Nxd5 6. Bg2 Be6 7. O-O Be7 8.
d4 exd4 9. Nxd4 Nxd4 10. Qxd4 Bf6 11. Qa4+ c6 12. Nxd5 Bxd5 13. Rd1 b5 14. Qa3
Qe7 15. Qxe7+ Kxe7 16. Bxd5 cxd5 17. Rxd5 a6 18. Bg5 Bxg5 19. Rxg5 g6 20. Re5+
Kf6 21. Rc5 Rhe8 22. Rc6+ Kg7 23. e3 Rec8 24. Rac1 Rd8 25. R1c2 a5 26. Rb6 b4
27. b3 Rd5 28. Rb7 h5 29. Rcc7 Rf8 30. Ra7 g5 31. Rd7 Rc5 32. Rac7 Re5 33. Kg2
Kg6 34. Ra7 Rc5 35. Rd6+ Kg7 36. Rda6 Rc2 37. Rxa5 Kg6 38. R7a6+ f6 39. Rb6 g4
40. Rxb4 Rd8 41. Rf4 Rd1 42. h3 f5 43. Rfxf5 Rxa2 44. Rg5+ Kf6 45. Rxa2 Kxg5
46. hxg4 hxg4 47. Rb2 Kf6 48. b4 Ke6 49. b5 Kd7 50. Rb4 1-0

[Event "Championnat de France Cadette"]
[Site "CALVI"]
[Date "????.??.??"]
[Round "6.6"]
[White "Cloarec, Audrey"]
[Black "Desanlis, Anne-Sophie"]
[Result "0-1"]
[WhiteElo "1902"]
[BlackElo "1854"]
[PlyCount "96"]
[EventDate "2005.??.??"]
[SourceDate "2005.04.17"]

1. e4 c5 2. Nc3 d6 3. g3 Nf6 4. d3 g6 5. Bg2 Bg7 6. f4 Nc6 7. Nf3 O-O 8. O-O
Bd7 9. Nh4 Qc8 10. f5 Nd4 11. g4 Kh8 12. h3 Rg8 13. Kh2 Ne8 14. Nd5 Be5+ 15.
Kh1 Qd8 16. fxg6 fxg6 17. Bg5 Nf6 18. Nxf6 exf6 19. Be3 f5 20. g5 f4 21. Bxf4
Bxf4 22. Rxf4 Qxg5 23. Qd2 Ne6 24. Qc3+ Rg7 25. Rg4 Qe5 26. Qxe5 dxe5 27. Rg3
Nd4 28. c3 Ne2 29. Rg5 Re8 30. Nf3 Rge7 31. Kh2 Kg7 32. Bf1 Nf4 33. h4 h6 34.
Rg3 Bb5 35. c4 Bc6 36. Re1 Rd8 37. Rd1 Bxe4 38. b3 Bf5 39. Rd2 Kf6 40. Ne1 Red7
41. Rf3 g5 42. hxg5+ hxg5 43. Ng2 e4 44. Rg3 Nxd3 45. Ne3 Nf4 46. Rf2 Rd2 47.
Nd5+ R8xd5 48. cxd5 Rxf2+ 0-1

[Event "Championnat de France Cadette"]
[Site "CALVI"]
[Date "????.??.??"]
[Round "6.7"]
[White "Labatut, Tifany"]
[Black "Plessis, Laura"]
[Result "0-1"]
[WhiteElo "1580"]
[BlackElo "1898"]
[PlyCount "52"]
[EventDate "2005.??.??"]
[SourceDate "2005.04.17"]

1. e4 d6 2. d4 g6 3. Nf3 Bg7 4. c3 Nc6 5. Bc4 Nf6 6. Ng5 O-O 7. Qb3 e6 8. d5
Na5 9. Qa4 Nxc4 10. Qxc4 exd5 11. exd5 Re8+ 12. Kf1 h6 13. Nf3 Bg4 14. Nbd2 Qe7
15. g3 Bh3+ 16. Kg1 Nxd5 17. Nf1 c6 18. Bd2 Qd7 19. Ne3 Nxe3 20. Bxe3 Qf5 21.
Nh4 Qc2 22. Qb3 Qe2 23. Qxb7 g5 24. Qxc6 gxh4 25. Qd5 Rab8 26. Qd2 Qf3 0-1